Corporaciones multinacionales y resistencia civil /

שמור ב:
מידע ביבליוגרפי
מחבר ראשי: Sadek, Simon
פורמט: Texto
נושאים:
תגים: הוספת תג
אין תגיות, היה/י הראשונ/ה לתייג את הרשומה!

MARC

LEADER 00000 a a2200000 04500
001 5311
003
040
100 |a Sadek, Simon  
245 |a Corporaciones multinacionales y resistencia civil /  |c Simon Sadek 
650 |a EMPRESAS TRANSNACIONALES  
650 |a SOCIEDAD CIVIL  
650 |a NORMAS DE PRODUCCION  
773 |g número 289; páginas 17-24  
999 |c 28969  |d 28969